00419nam a2200157 a 45000010005000000030009000050080041000140400028000550820016000831000020000992450036001192600040001553000010001954900025002056500031002301527CO-ViMGA141112s2004 ck r 000 u spa d aCO-ViMGAbspacCO-ViMGA04a947.08 C5171 aClarke, William10aLa fortuna perdida de los zares aBogotá : bJavier Vergara, c1996 a389 p aBiografia e historia14aRUSIA - HISTORIA - ZARISMO